00639nam a2200229 a 4500001001300000003000900013005001700022008004100039020002300080082001500103100001700118245002000135260003300155300000900188500003500197650001000232700001700242902000800259942000700267952011800274999001700392nice12345678IN_TiNIC20260116015002.0070531s1990 onta grp 000 0 eng  a0836135121 c10000a364.6bZEH aZehr, Howard aChanging Lenses aOntariobHerald Press c1990 a280p aincludes index and biblioraphy aCrime1 aZehr, Howard bSRS cBK 001040708StackRoom-aHMIbHMId2007-05-31g100.00l0o364.6 ZEHp11002029r2007-05-31v100.00w2007-05-31yBK c17839d17839